000 00697nam a22001697a 4500
999 _c56903
_d56903
005 20190612162323.0
008 190612b2019 en ||||| |||| 00| 0 eng d
020 _q1751-8113
245 _aJournal of Physics A: Mathematical and Theoretical :
_b2019 № 14 (Volume 52) (5 April) /
_cEden Bren-Jones.
260 _aPhiladephia :
_c Publishing Ltd,
_b2019.
300 _aV.
653 _aპერიოდიკა
653 _aფიზიკის ჟურნალი: მათემატიკური და თეორიული
653 _aJournal of Physics A: Mathematical and Theoretical
700 _aBren-Jones, Eden
_eრედაქტორი
_92457
942 _2udc
_cCR